000 00963cam a2200217 4500
001 WB3807-33
008 020221n2002 000 0 eng u
035 _a(Sirsi) u116792
245 _aPlanning advice on waste
260 _c2002
490 _aScottish Executive Press Release
_v(5370) 20 February 2002, (1)
520 _aPlanning Advice Note 63: Waste Management Planning gives advice on how the planning system can help in the move from waste disposal to integrated waste management. Note was prepared jointly by the Scottish Environment Protection Agency and through informal consultation with local authorities. For news release: http://www.scotland.gov.uk/pages/news/2002/02/SE5370.aspx
590 _aWB
650 _aPLANNING ADVICE NOTE 63
650 _aWASTE MANAGEMENT
650 _aWASTE DISPOSAL
650 _aNATIONAL WASTE STRATEGY
650 _aSCOTLAND
690 _aENVIRONMENTAL AND LAND CONSULTANCY-WASTE MANAGEMENT
942 _n0
999 _c69559
_d69559